De la resistencia a la ofensiva: el programa alternativo de los movimientos sociales /
محفوظ في:
| المؤلف الرئيسي: | |
|---|---|
| التنسيق: | نص |
| الموضوعات: | |
| الوسوم: |
إضافة وسم
لا توجد وسوم, كن أول من يضع وسما على هذه التسجيلة!
|
MARC
| LEADER | 00000 a a2200000 04500 | ||
|---|---|---|---|
| 001 | 11026 | ||
| 003 | |||
| 040 | |||
| 100 | |a Dos Santos, Theotonio | ||
| 245 | |a De la resistencia a la ofensiva: |b el programa alternativo de los movimientos sociales / |c Theotonio Dos Santos | ||
| 650 | |a NEOLIBERALISMO | ||
| 650 | |a MOVIMIENTOS CAMPESINOS | ||
| 650 | |a MOVIMIENTOS OBREROS | ||
| 650 | |a CAMBIO SOCIAL | ||
| 650 | |a CAMBIO ECONOMICO | ||
| 773 | |g volumen 5, número 15; páginas 65-76 | ||
| 999 | |c 31206 |d 31206 | ||
